书目信息 |
| 题名: |
大学生军事理论教程
|
|
| 作者: | 陈彬 总主编 ;谢宇 , 牛春林 主编 | |
| 分册: | ||
| 出版信息: | 北京 北京理工大学出版社 2013 |
|
| 页数: | 266页 | |
| 开本: | 26cm | |
| 丛书名: | ||
| 单 册: | ||
| 中图分类: | E0 | |
| 科图分类: | ||
| 主题词: | 军事理论--高等职业教育--教材 , 军事理论 | |
| 电子资源: | ||
| ISBN: | 978-7-5640-8027-3 | |
| 000 | 00946nam0 2200277 450 | |
| 001 | 012015000780 | |
| 005 | 20150914145938.20 | |
| 010 | @a978-7-5640-8027-3@dCNY29.80 | |
| 100 | @a20140429d2013 em y0chiy50 ea | |
| 101 | 0 | @achi |
| 102 | @aCN@b110000 | |
| 105 | @aa z 000yy | |
| 106 | @ar | |
| 200 | 1 | @a大学生军事理论教程@Ada xue sheng jun shi li lun jiao cheng@f陈彬总主编@g谢宇,牛春林主编 |
| 210 | @a北京@c北京理工大学出版社@d2013 | |
| 215 | @a266页@c图@d26cm | |
| 300 | @a高等职业教育“十二五”规划教材 | |
| 330 | @a本书共分上、下两篇10章,主要内容包括:中国国防、军事思想、国际战略环境、军事高技术、信息化战争、条令条例教育与训练等。 | |
| 606 | 0 | @a军事理论@x高等职业教育@j教材 |
| 606 | 0 | @a军事理论 |
| 690 | @aE0@v5 | |
| 701 | 0 | @a陈彬@Achen bin@f(1969~)@4总主编 |
| 702 | 0 | @a谢宇@Axie yu@c(团委)@4主编 |
| 702 | 0 | @a牛春林@Aniu chun lin@f(1967~)@4主编 |
| 801 | 0 | @aCN@b碧洲教育@c20150718 |
| 905 | @a10447@f4@dE0@e22 | |
| 大学生军事理论教程/陈彬总主编/谢宇,牛春林主编.-北京:北京理工大学出版社,2013 |
| 266页:图;26cm |
| 高等职业教育“十二五”规划教材 |
| ISBN 978-7-5640-8027-3:CNY29.80 |
| 本书共分上、下两篇10章,主要内容包括:中国国防、军事思想、国际战略环境、军事高技术、信息化战争、条令条例教育与训练等。 |
| ● |
| 相关链接 |
|
|
|
|
正题名:大学生军事理论教程
索取号:E0/22
 
预约/预借
| 序号 | 登录号 | 条形码 | 馆藏地/架位号 | 状态 | 备注 |
| 1 | 0848060 | 208480605 | 第一样本阅览室/ [索取号:E0/22] | 在馆 | |
| 2 | 0848061 | 208480614 | 第一借阅区/ [索取号:E0/22] | 在馆 | |
| 3 | 0848062 | 208480623 | 第一借阅区/ [索取号:E0/22] | 在馆 | |
| 4 | 0848063 | 208480632 | 第一借阅区/ [索取号:E0/22] | 在馆 |